000 00397pab a2200157 454500
008 180718b2000 xxu||||| |||| 00| 0 eng d
100 _aDash, J.
245 _aCrisis management: lessons from the past: a case study of drought situation
260 _c2000
300 _ap.75-88
362 _aJan-Jun
650 _aDrought
700 _aBehura, N.K.
773 _aMan in India
909 _a45407
999 _c45407
_d45407